Normal view
MARC view
- Hareem Nisar
Entry Personal Name
001 - CONTROL NUMBER
- control field: 93483
003 - CONTROL NUMBER IDENTIFIER
- control field: NUST
005 - DATE AND TIME OF LATEST TRANSACTION
- control field: 20220713171631.0
008 - FIXED-LENGTH DATA ELEMENTS
- fixed length control field: 220713|| aca||aabn | a|a d
040 ## - CATALOGING SOURCE
- Original cataloging agency: NUST
- Transcribing agency: NUST
100 ## - HEADING--PERSONAL NAME
- Personal name: Hareem Nisar
670 ## - SOURCE DATA FOUND
- Source citation: Work cat.: (NUST)13667: Ahmed Raza Malik 93481, Nuclear- A preventive wearable for pressure Ulcers, 2016
